000 00312nam a22001457a 4500
008 230508b ||||| |||| 00| 0 eng d
020 _a9781884718038
041 _aeng
080 _a7
082 _a7LEV
100 _a19
101 _aART
245 _aTHE ART HISTORY OF BOOKS
_cLEVARIE.N
942 _2udc
_cBK
999 _c59664
_d59664